Energy Power & Transportation Technology (Record no. 286165)
[ view plain ]
| 000 -LEADER | |
|---|---|
| fixed length control field | 00239 a2200097 4500 |
| 001 - CONTROL NUMBER | |
| control field | 51092 |
| 090 ## - LOCALLY ASSIGNED LC-TYPE CALL NUMBER (OCLC); LOCAL CALL NUMBER (RLIN) | |
| -- | 32353 |
| -- | 32353 |
| 100 ## - MAIN ENTRY--PERSONAL NAME | |
| Personal name | Parker S P |
| 245 ## - TITLE STATEMENT | |
| Title | Energy Power & Transportation Technology |
| 260 ## - PUBLICATION, DISTRIBUTION, ETC. | |
| Place of publication, distribution, etc. | California |
| Name of publisher, distributor, etc. | Glencoe Pub Co |
| Date of publication, distribution, etc. | |
| 942 ## - ADDED ENTRY ELEMENTS (KOHA) | |
| Institution code [OBSOLETE] | NUST-CAE |
| Koha item type | |
| -- | |
| Withdrawn status | Lost status | Damaged status | Not for loan | Collection code | Permanent Location | Current Location | Date acquired | Total Checkouts | Barcode | Date last seen | Price effective from | Koha item type |
|---|---|---|---|---|---|---|---|---|---|---|---|---|
| College of Aeronautical Engineering (CAE) | College of Aeronautical Engineering (CAE) | 04/03/2017 | CAE32445 | 04/05/2017 | 04/05/2017 | Book | ||||||
| College of Aeronautical Engineering (CAE) | College of Aeronautical Engineering (CAE) | 04/03/2017 | CAE32466 | 04/05/2017 | 04/05/2017 | Book |
